Egypt in transition /

محفوظ في:

المؤلف الرئيسي: Lacouture, Jean (مؤلف)

مؤلفون آخرون: Lacouture, Simonne., Scarfe, Francis, 1911-1986.

التنسيق: كتاب

اللغة: English
French

منشور في: New York : Criterion Books, [1958].

الموضوعات:

الوسوم: إضافة وسم

لا توجد وسوم, كن أول من يضع وسما على هذه التسجيلة!

رقم الطلب: DT107 .L323

LEADER 00710nam a22002417a 4500
003 OSt
005 20260405112541.0
008 260405t1958 nyua 000 0 eng d
010 |a 58010614 
040 |c ARCE Library 
041 1 |a eng  |h fre 
043 |a f-ua--- 
050 1 4 |a DT107  |b .L323 
100 1 |a Lacouture, Jean,  |e author 
245 1 0 |a Egypt in transition /  |c by Jean and Simonne Lacouture ; Translated by Francis Scarfe. 
264 1 |a New York :  |b Criterion Books,   |c [1958]. 
300 |a 532 pages :  |b illustrations ;  |c 23 cm. 
651 0 |a Egypt  |x History  |y 1919- 
700 1 |a Lacouture, Simonne. 
700 1 |a Scarfe, Francis,  |d 1911-1986.  |9 39330 
901 |a reviewed 
942 |c BK  |2 lcc 
999 |c 13511  |d 13511